| 000 | 01026nas a2200301 4500 | ||
|---|---|---|---|
| 001 | BR8704822 | ||
| 003 | BR-BrBNA | ||
| 005 | 20231205090722.0 | ||
| 007 | ta | ||
| 008 | 230509b bl.|||p| |||| 00| 00por d | ||
| 040 |
_aBR-BrBNA _bpor _cBiblioteca Nacional de Agricultura |
||
| 041 | _a(Pt) | ||
| 072 | _aF60 | ||
| 100 | 1 | _aLopes, N.F. | |
| 100 | 1 | _aOliva, M.A. | |
| 100 | 1 | _aCardoso, M.J. | |
| 100 | 1 | _aGomes, M.M.S. | |
| 100 | 1 | _aSouza, V.F. | |
| 245 | 1 | _aCrescimento e conversao da energia solar em Phaseolus vulgaris L. submetido a tres densidades de fluxo radiante e dois regimes hidricos | |
| 246 | 1 | _aGrowth and conversion of solar energy in Phaseolus vulgaris L. under three light flux densities and two hydric regimes | |
| 650 | _aFEIJAO | ||
| 650 | _aBALANCO HIDRICO | ||
| 650 | _aENERGIA SOLAR | ||
| 650 | _aCRESCIMENTO | ||
| 773 | 0 |
_tRevista Ceres (Brazil) _xISSN 0034-737X _g(Mar-Apr 1986), v. 33(186) p. 142-164 _wBR8704822 |
|
| 909 |
_a202311 _bLúcia _c55 _dLúcia Elande |
||
| 942 |
_2AGRIS _n0 _cANA |
||
| 999 |
_c120444 _d120444 |
||